000 00212nam a2200109Ia 4500
100 _a#N/A
942 _cBK
245 _aDigitJan 2013 BUILD Pages using :LyX
260 _b#N/A
546 _aENGLISH
999 _c26872
_d26872